The mahabharata: (Record no. 26525)

000 -LEADER
fixed length control field 00374nam a22001451a 4500
082 ## - DEWEY DECIMAL CLASSIFICATION NUMBER
Classification number 294.592 3046
Item number VAI/M
100 ## - MAIN ENTRY--PERSONAL NAME
Personal name Vaidya C V
9 (RLIN) 122657
245 ## - TITLE STATEMENT
Title The mahabharata:
Remainder of title a criticism/
Statement of responsibility, etc. by Vaidya C V
260 ## - PUBLICATION, DISTRIBUTION, ETC.
Place of publication, distribution, etc. New Delhi:
Name of publisher, distributor, etc. Cosmo,
Date of publication, distribution, etc. 1983.
300 ## - PHYSICAL DESCRIPTION
Extent 222p.
650 ## - SUBJECT ADDED ENTRY--TOPICAL TERM
Topical term or geographic name entry element Mahabharata
9 (RLIN) 122658
650 ## - SUBJECT ADDED ENTRY--TOPICAL TERM
Topical term or geographic name entry element Hinduism
9 (RLIN) 122659
650 ## - SUBJECT ADDED ENTRY--TOPICAL TERM
Topical term or geographic name entry element Religion
9 (RLIN) 122660
942 ## - ADDED ENTRY ELEMENTS (KOHA)
Koha item type Book
Holdings
Withdrawn status Lost status Damaged status Not for loan Permanent Location Current Location Date acquired Cost, normal purchase price Total Checkouts Full call number Barcode Date last seen Date last checked out Cost, replacement price Price effective from Koha item type
        Sree Sankaracharya University of Sanskrit Sree Sankaracharya University of Sanskrit 08.01.2015 150.00 6 294.592 3046 VAI/M 005416 29.04.2022 05.11.2021 0.00 08.01.2015 Book
        Sree Sankaracharya University of Sanskrit Sree Sankaracharya University of Sanskrit 08.01.2015 150.00 4 294.592 3046 VAI/M 005415 03.01.2020 01.01.2020 0.00 08.01.2015 Book